Yoga And Cardiology (Record no. 13059)

MARC details
000 -LEADER
fixed length control field 00265nam a2200121Ia 4500
008 - FIXED-LENGTH DATA ELEMENTS--GENERAL INFORMATION
fixed length control field 211105s9999 xx 000 0 und d
020 ## - INTERNATIONAL STANDARD BOOK NUMBER
International Standard Book Number VYASA16197
100 ## - MAIN ENTRY--PERSONAL NAME
Personal name NoAuthor
245 #0 - TITLE STATEMENT
Title Yoga And Cardiology
250 ## - EDITION STATEMENT
Edition statement \N
260 ## - PUBLICATION, DISTRIBUTION, ETC.
Name of publisher, distributor, etc. S V V P
Date of publication, distribution, etc. \N
300 ## - PHYSICAL DESCRIPTION
Extent 152p.
Holdings
Withdrawn status Lost status Source of classification or shelving scheme Damaged status Not for loan Collection code Home library Current library Shelving location Date acquired Total Checkouts Barcode Date last seen Date last checked out Price effective from Koha item type
    Dewey Decimal Classification     Division of Yoga and Life Sciences SVYASA SVYASA R3.1B 11/24/2016 5 20617 02/14/2025 02/01/2025 11/09/2021 Books
    Dewey Decimal Classification     Division of Yoga and Life Sciences SVYASA SVYASA R3.1B 11/24/2016 2 20619 11/10/2025 10/27/2025 11/09/2021 Books

Powered by Koha